000 00325nam a22001457a 4500
003 OSt
020 _aNA
040 _c0
082 _222
_a080.
100 _aSonam Choden.
245 _a100 Read made speeches for students /
260 _bEducation Thimphu,
_cc 2008.
300 _aIX;201p, ;
_bNA
_c24 cm.
942 _2ddc
_cDZ
_04
999 _c4626
_d4626